[Event "Antwerp"]
[Site "Antwerp"]
[Date "1993.??.??"]
[Round "4"]
[White "Winants, Luc"]
[Black "Piket, Jeroen"]
[Result "1/2-1/2"]
[WhiteElo "2490"]
[BlackElo "2590"]
[Annotator "Stohl,I"]
[PlyCount "117"]
[EventDate "1993.08.??"]
[EventType "tourn"]
[EventRounds "9"]
[EventCountry "BEL"]
[EventCategory "13"]
[SourceTitle "CBM 037"]
[Source "ChessBase"]
[SourceDate "1993.12.01"]
[SourceVersion "1"]
[SourceVersionDate "1993.12.01"]
[SourceQuality "1"]

1. e4 d6 2. d4 g6 3. Nc3 c6 4. Be3 Nf6 5. Be2 {N} (5. h3 Nbd7 $1 6. f4 e5 7.
dxe5 dxe5 8. Nf3 (8. fxe5 Nxe5 9. Qxd8+ Kxd8 10. O-O-O+ Nfd7 11. Nf3 Kc7 12.
Be2 Nxf3 13. gxf3 Bg7 14. h4 h5 15. f4 Re8 16. e5 Bh6 17. Bd2 Nc5 18. b4 Ne6
19. f5 Bxd2+ 20. Rxd2 gxf5 21. Bxh5 Re7 $10 {Hausner,I-Lechtynsky,J/Prague DDM/
1992/}) 8... Qa5 9. Qd2 Bc5 $6 (9... Bg7 $142 $13) 10. Bc4 O-O 11. Bb3 exf4 12.
Bxf4 b5 13. Ng5 b4 14. Na4 Ba6 15. O-O-O $40 {Ljubojevic,L-Piket,J/Roquebrune
rapid/1992/}) 5... Qa5 $6 (5... Bg7 6. f4 $14 {()}) (5... Nbd7 $142 {/\e5}) 6.
Qd2 b5 (6... e5 $5) 7. e5 $1 b4 $8 (7... dxe5 8. dxe5 Nfd7 9. f4 $16 {()}) 8.
exf6 (8. Nd1 Nd5 $13) 8... bxc3 9. bxc3 exf6 10. Nf3 $36 Nd7 (10... Bg7 11. Bf4
$40) 11. O-O Nb6 12. a4 $1 Be7 (12... Nxa4 $2 13. Ra2 Be6 14. d5 $1 Bxd5 15. c4
Qxd2 16. Bxd2 Bxf3 17. Bxf3 $18) (12... Nd5 13. c4 $16) 13. c4 Qxd2 14. Nxd2
Rb8 15. a5 Nd7 16. Rfe1 $16 Kd8 (16... Ba6 17. Bf3 Rc8 18. Bf4 $36) 17. Bf3 c5
$6 (17... Bb7 $142 $5 {/\Ba8,Kc7}) 18. Nb3 Bb7 19. dxc5 dxc5 (19... Bxf3 20.
cxd6 Bxd6 21. gxf3 $18 {->}) 20. Bf4 Ne5 $8 21. Rad1+ (21. Bxb7 Rxb7 22. Bxe5
fxe5 23. Rxe5 $16) 21... Ke8 22. Rxe5 $1 fxe5 23. Bxe5 Bxf3 24. gxf3 Rxb3 $8
25. cxb3 $18 f6 26. Bg3 (26. Bd6 $142 $1 Kf7 27. Bxe7 Kxe7 28. Rd5 Rb8 (28...
Rc8 29. f4 $18) 29. Rxc5 Rxb3 30. Rc7+ $18) 26... a6 27. Rd5 Kf7 28. Rd7 Rd8
29. Rxd8 $6 (29. Ra7 Rd3 30. Rxa6 Rxb3 31. Rb6 Rxf3 32. Rb7 Ke6 33. a6 Ra3 34.
a7 {/\Bc7-b6,Rb8+-}) 29... Bxd8 30. Bd6 Bxa5 $8 (30... Be7 31. Bxe7 Kxe7 32.
Kf1 Kd6 33. Ke2 Ke5 34. Kd3 Kf4 35. Kc3 Kxf3 36. b4 cxb4+ 37. Kxb4 Ke4 38. Kc5
$18) 31. Bxc5 Bc7 32. h3 Ke6 $14 {׻} 33. Kf1 g5 34. Ke2 $6 (34. Be3 $142 $14)
34... f5 35. Be3 Bd8 36. Kd3 h5 37. b4 Be7 38. Bd2 (38. c5 Kd5 $10) (38. b5
axb5 39. cxb5 Kd5 $10) 38... h4 39. Ke2 (39. Kd4 {/\c5,Kc4} Bf6+ 40. Kc5 $2 g4
$1 41. fxg4 fxg4 42. hxg4 h3 43. Bf4 Be5 $19) 39... Ke5 40. Bc3+ Ke6 41. Bd2
Bd8 42. Kf1 Be7 43. Bc3 Bd6 44. Bd2 Be7 45. b5 axb5 46. cxb5 Kd5 $10 47. Be3
Bf6 48. Ke2 (48. f4 g4 $10) 48... Be7 49. b6 Kc6 50. Bd4 {/\f4} (50. f4 g4 51.
hxg4 fxg4 52. f5 h3 53. Kf1 Bf6 $10) 50... Bd6 $1 51. Be3 Be7 52. Bd4 Bd6 53.
Kf1 Bf4 54. Kg2 Kd5 55. Bf6 {/\b7,Bg5} Kc6 56. Bd8 Kd7 57. Bf6 Kc6 58. Bd4 Kd5
59. Bf6 (59. Bf6 Kc6 {3-fold repetition}) 1/2-1/2

[Event "Baden-Baden-B"]
[Site "Baden-Baden"]
[Date "1992.12.17"]
[Round "11"]
[White "Van der Wiel, John"]
[Black "Hickl, Joerg"]
[Result "1-0"]
[WhiteElo "2545"]
[BlackElo "2540"]
[Annotator "Stohl,I"]
[PlyCount "81"]
[EventDate "1992.12.??"]
[EventType "tourn"]
[EventRounds "11"]
[EventCountry "GER"]
[EventCategory "11"]
[SourceTitle "CBM 033"]
[Source "ChessBase"]
[SourceDate "1993.04.01"]
[SourceVersion "1"]
[SourceVersionDate "1993.04.01"]
[SourceQuality "1"]

1. e4 d6 2. d4 g6 3. Nc3 c6 4. Be3 Nf6 5. Qd2 b5 6. e5 $5 (6. a3 a6 7. h3 Nbd7
8. f4 Nb6 (8... e5 $142 $5 $13) 9. Bd3 Nc4 10. Bxc4 bxc4 11. Nf3 Rb8 12. Rb1
Bg7 13. Qe2 O-O 14. O-O d5 15. e5 Ne8 16. Qf2 Nc7 17. g4 $16 {(),Landenbergue,
C-Lechtinsky,J,Prague DDM 1992}) 6... b4 $6 {N} (6... Ng4 $142 7. exd6 (7. f4
$6 Bh6 $1 8. h3 Nxe3 9. Qxe3 dxe5 10. dxe5 Qb6 11. Qg3 Na6 12. O-O-O Be6 13.
Kb1 Nc5 14. Bd3 Qa5 15. f5 gxf5 16. Qf3 O-O $36 {Andruet,G-Conquest,S,FRA-chT
1991-TD 91_02}) 7... Nxe3 8. Qxe3 Qxd6 9. a4 $1 (9. Nf3 Bg7 10. Be2 O-O 11. O-O
Bf5 12. Bd3 Bxd3 13. Qxd3 Nd7 14. Rfe1 e6 15. Ne4 Qc7 16. c4 Rab8 17. c5 Nf6
18. Ne5 Rbd8 $10 {Levitt,J-Akhsharumova,A,St.John op-1 1988-CBM 06}) 9... Bg7
10. Nf3 bxa4 11. Rxa4 O-O 12. Ne4 Qc7 13. Qa3 (13. Bd3 $5 $14) 13... Bf5 14.
Bd3 Nd7 15. O-O Nb6 16. Ra6 Rfd8 17. Qc3 Nd5 18. Qc5 Qb7 19. Qa3 Nf4 $132 {
Van der Wiel,J-Piket,J,Leiden 1986}) (6... dxe5 7. dxe5 Qxd2+ 8. Bxd2 Ng4 9. f4
h5 10. Bd3 (10. a4 $16 {׫_|_}) 10... Nd7 11. Be4 Bb7 12. h3 Nh6 13. Nxb5 Nc5
14. Nc3 $1 $8 Nxe4 15. Nxe4 c5 16. Nxc5 Bxg2 17. Rh2 Bc6 18. e6 $16 {Lane,
G-Beaumont,C,BCF-ch 1988-TD 88_02}) 7. exf6 bxc3 8. Qxc3 exf6 9. h4 $1 (9. d5
c5 $5 (9... cxd5 10. O-O-O Be6 11. Ne2 $36) 10. Nf3 Bg7 11. Bb5+ Bd7 12. Qd3 f5
$132) 9... h5 (9... Bg7 $142 10. h5 f5 $14) 10. Ne2 d5 (10... Bg7 11. Nf4 f5
12. Bc4 $16 {><g6}) 11. Bf4 {/\Bb8} Qb6 12. O-O-O $16 Be6 (12... Bg7 13. Bd6
$40) (12... Be7 13. Qg3 {/\Bd6,><c6,c5}) 13. Qg3 Nd7 14. Nc3 a5 15. a3 $1 (15.
Na4 Qb4 $132) 15... Ra7 16. Na4 Qb7 17. Re1 c5 (17... Be7 18. Bd3 {/\Bg6+-} Nf8
19. Bd6 $16) 18. Nxc5 Bxc5 (18... Nxc5 19. dxc5 Bxc5 20. Bd3 Qe7 (20... Qd7 21.
Bxg6 Rg8 (21... fxg6 22. Qxg6+ $18) 22. Qc3 $16) 21. Be3 $1 Bxe3+ 22. Rxe3 $16
{->}) 19. dxc5 Nxc5 20. Be3 Ne4 21. Qf4 {/\f3,Bd4+-} Qc7 $8 22. f3 Qxf4 23.
Bxf4 $18 {^^_|_,ק} Nc5 24. Bd6 Nb7 (24... Nd7 25. Bb5 $40) 25. Bb5+ Kd8 26.
Bg3 {/\Bf2,Bc6-d5} Nc5 (26... Kc8 27. Bf2 Ra8 28. Bd4 $18) 27. Bc6 Kc8 $8 (
27... Ra6 28. Bxd5 $1 Bxd5 29. Rd1 $18) 28. Rd1 Rd8 29. Rd4 Ra6 $8 30. Bb5 Rb6
31. a4 {/\Be1 ><a5} Nb7 32. Rd3 $1 Nd6 33. Bf2 Rb8 34. Rc3+ Kb7 35. Bc6+ Ka6
36. Rc5 (36. Bd4 f5 37. Rd1 $18) 36... Rb4 (36... Nf5 37. Bb5+ Kb7 38. Be1 Ra8
39. Bd3 $18) 37. Rd1 (37. Bxd5 $6 Rxa4 $14) 37... Rc8 38. b3 {/\Bd5+-} Nf5 39.
Bxd5 Rxc5 (39... Nxh4 40. Bxe6 Rxc5 41. Bxc5 $18) 40. Bxc5 Rb8 41. Bf2 (41. Bf2
Bxd5 42. Rxd5 {/\Be1,g4+- [Stohl]}) 1-0

[Event "Altensteig"]
[Site "Altensteig"]
[Date "1991.??.??"]
[Round "2"]
[White "Schmittdiel, Eckhard"]
[Black "Chernin, Alexander"]
[Result "0-1"]
[WhiteElo "2490"]
[BlackElo "2605"]
[Annotator "Stohl,I"]
[PlyCount "80"]
[EventDate "1991.07.??"]
[EventType "tourn"]
[EventRounds "11"]
[EventCountry "GER"]
[EventCategory "11"]
[SourceTitle "CBM 025"]
[Source "ChessBase"]
[SourceDate "1991.12.01"]
[SourceVersion "1"]
[SourceVersionDate "1991.12.01"]
[SourceQuality "1"]

1. e4 d6 2. d4 Nf6 3. Nc3 g6 4. g3 Bg7 5. Bg2 O-O 6. Nge2 e5 7. h3 (7. O-O Nc6
8. dxe5 (8. h3 $6 exd4 9. Nxd4 Nxe4 $1 10. Nxc6 Nxc3 11. Nxd8 Nxd1 $15) 8...
dxe5 $10) 7... c6 8. a4 Na6 (8... Nbd7 9. O-O b6 $5 10. Be3 Bb7 11. g4 a6 12.
Ng3 h6 13. f4 exd4 14. Bxd4 b5 15. Qd2 b4 16. Nd1 c5 17. Bf2 Re8 18. Re1 Nb6
$15 {Klinger,J-Hansen,C,Palma de Mallorca GMA-op 1989-TD89_13}) (8... a5 9. O-O
Na6 (9... exd4 10. Nxd4 Na6 11. Re1 Re8 12. Bf4 Nh5 13. Be3 Nc5 14. Qd2 Be6 15.
Rad1 Qb6 16. b3 $14 {Djurhuus,R-Hodgson,J,Stavanger 1989}) 10. Be3 Nb4 11. Qd2
Be6 12. Rad1 Bc4 13. Rfe1 Qe7 14. b3 Ba6 $132 {Lerner,K-Tal,M,Jurmala 1986}) 9.
Be3 Re8 (9... exd4 10. Bxd4 Qe7 11. O-O Rd8 12. Re1 (12. a5 $5) 12... b6 $1 13.
g4 Bb7 14. f4 Nb4 15. Bf2 Ne8 16. Qd2 Nc7 17. Bd4 d5 18. exd5 Ncxd5 $10 {
Ivanchuk,V-Ehlvest,J,Linares 1991-CBM 22}) 10. O-O exd4 11. Bxd4 Nb4 12. a5 {N}
(12. f4 h5 $5 13. a5 c5 14. Bf2 Be6 15. e5 $6 dxe5 16. Bxc5 Nbd5 17. fxe5 Nxc3
18. Nxc3 Nd7 19. Bf2 Bxe5 20. Ne4 Qc7 $15 {Mohr,S-Lau,R,Altensteig 1989-CBM 14}
) 12... Bd7 (12... d5 13. exd5 Nfxd5 14. Nxd5 Nxd5 15. Bxg7 Kxg7 16. Qd4+ $14)
13. Nf4 (13. g4 $142 $5 c5 14. Be3 Bc6 15. Ng3 b6 $13 {/\d5}) 13... c5 14. Be3
Bc6 15. Nfd5 Nfxd5 16. exd5 Bd7 $15 17. Qd2 Bf5 18. Rfc1 h5 19. Nd1 Qd7 20. Kh2
Rxe3 $5 (20... Be4 21. Bxe4 Rxe4 22. c3 Na6 $15) 21. Nxe3 $5 $8 (21. fxe3 Be5 {
/\h4->} 22. h4 Qe7 23. Bh3 Qxh4 24. Qg2 Nxc2 $1 $19) (21. Qxe3 $2 Nxc2 $19)
21... Bxb2 22. c3 Bxc1 23. Rxc1 Na6 24. Re1 Rc8 $6 (24... Re8 $2 25. g4 $1 hxg4
26. hxg4 Bxg4 (26... Be4 27. f3 $18) 27. Nxg4 Rxe1 28. Nf6+ $18) (24... Nc7 {
/\Ne8-f6} 25. f3 Qc8 $146) 25. Qd1 {/\g4+-} c4 $8 26. Qd4 Nc5 (26... Bd3 27. g4
h4 28. g5 Bf5 29. Qxh4 $16) 27. g4 hxg4 28. hxg4 Bd3 29. g5 {/\Ng4+-} Bf5 $8
30. Nxf5 gxf5 (30... Qxf5 $2 31. Bh3 $18) 31. Re3 Nd3 32. f4 {/\Rh3+-} (32. Rh3
Ne5 33. f4 Ng6 $13) 32... Nf2 $8 33. Kg1 Ng4 34. Rh3 f6 35. gxf6 {/\f7+-} Qf7
36. Qxa7 Re8 (36... Qxf6 37. Qxb7 $18) (36... Nxf6 37. a6 $1 {/\} bxa6 38. Rh8+
$1 $18) 37. a6 Qg6 {/\Re1-+} (37... bxa6 $2 38. Rh8+ $18) (37... Re1+ 38. Bf1
Qxd5 39. Qa8+ Kf7 40. Qxb7+ Qxb7 41. axb7 Rb1 42. Rh8 $1 $18) 38. f7+ $1 Kxf7 (
38... Qxf7 39. axb7 Qc7 40. Qd4 $18) 39. axb7 $4 (39. Kf1 $1 $18 {/\ab7}) 39...
Re1+ 40. Bf1 Ne3+ {[Stohl]} (40... Ne3+ 41. Kf2 (41. Kh1 Qg2#) 41... Rxf1+ 42.
Ke2 (42. Kxe3 Qg1+) 42... Qg2+ $19) 0-1

[Event "Biel Mixed"]
[Site "Biel"]
[Date "1991.??.??"]
[Round "7"]
[White "Hort, Vlastimil"]
[Black "Gallagher, Joseph G"]
[Result "1-0"]
[WhiteElo "2545"]
[BlackElo "2520"]
[Annotator "Stohl,I"]
[PlyCount "107"]
[EventDate "1991.07.??"]
[EventType "tourn"]
[EventRounds "11"]
[EventCountry "SUI"]
[EventCategory "9"]
[SourceTitle "CBM 025"]
[Source "ChessBase"]
[SourceDate "1991.12.01"]
[SourceVersion "1"]
[SourceVersionDate "1991.12.01"]
[SourceQuality "1"]

1. d4 Nf6 2. g3 g6 3. Bg2 Bg7 4. e4 d6 5. Nc3 O-O 6. Nge2 Na6 (6... Nbd7 7. O-O
c5 8. h3 (8. d5 Ne8 9. a4 a6 10. Be3 Rb8 11. Qd2 (11. a5 $142 $5 $14) 11... Ne5
12. b3 b5 13. Rae1 Bd7 14. axb5 axb5 15. Kh1 b4 16. Nd1 Ng4 17. Bf4 e5 18. dxe6
fxe6 19. f3 Ne5 20. Bh6 Bb5 $15 {Timoshenko,G-Minasian,A,URS-chJ Kherson
1991-EXP 21}) 8... cxd4 (8... a6 9. Be3 Qc7 10. Qd2 cxd4 11. Nxd4 Ne5 12. b3 e6
13. Rad1 Rd8 $6 14. f4 Nc6 15. Nxc6 bxc6 16. Na4 Rb8 17. c4 Rd7 18. c5 d5 19.
Nb6 Re7 20. e5 Ne8 21. Bd4 $16 {(),Bashkov,V-Minasian,A,Podolsk tt 1990-TD90_02
}) 9. Nxd4 a6 10. Be3 Ne5 11. b3 Bd7 12. Nd5 Nc6 13. c4 Nxd5 14. exd5 Nxd4 15.
Bxd4 b5 16. Bxg7 Kxg7 17. Qd4+ Kg8 18. c5 $14 {Sinowjwew,Y-Brestian,E,Oberwart
op 1991}) (6... c5 7. dxc5 dxc5 8. Qxd8 Rxd8 9. Be3 Na6 10. h3 Ne8 11. Nd5 Kf8
12. O-O-O Bd7 13. Bg5 f6 14. Bd2 Bc6 15. Nef4 Kf7 16. Rhe1 e6 17. Nc3 Nd6 $10 {
Abdelnabi,I-Speelman,J,Luzern tt 1989-CBM 16}) 7. Bf4 $5 {N} (7. h3 Rb8 $6 (
7... e5 $142) 8. a4 c5 9. O-O b6 10. Nb5 $5 Bb7 11. d5 Ra8 12. Be3 Nc7 13. Nxc7
Qxc7 14. c4 Rfe8 15. Nc3 Rad8 16. Qd2 a5 17. Bg5 {()->>>,Zupe,M-Jacimovic,D,
Cetinje tt 1990}) 7... Qe8 (7... c5 8. d5 Nc7 9. a4 Bd7 10. Qd2 $14) 8. h3 e5
9. Be3 c6 10. O-O Qe7 11. Re1 $14 {()} Re8 12. Qd2 b6 (12... Be6 13. Rad1 $36 {
/\} Rad8 $2 14. d5) 13. f4 $1 Bb7 (13... exd4 14. Nxd4 Bb7 15. e5 $1 dxe5 16.
Nxc6 $16) 14. g4 exf4 (14... exd4 15. Nxd4 (15. Bxd4 $6 c5 $132) 15... Qc7 (
15... c5 16. Ndb5 Nxe4 17. Nxe4 Bxe4 18. Bxe4 Qxe4 19. Nxd6 $18) (15... Nc5 16.
e5 $1 $16) 16. g5 Nd7 17. Rad1 $14) 15. Bxf4 Nc7 16. Rad1 Ne6 17. Bh6 d5 $6 (
17... Rad8 $14 {/\c5}) 18. exd5 cxd5 {><d5} 19. Bxg7 Kxg7 20. Nf4 Qd6 21. Nxe6+
Rxe6 22. Rxe6 Qxe6 23. Re1 Ne4 (23... Qd6 24. Re5 Re8 25. Qe3 $16 {<->e}) 24.
Qf4 $1 (24. Bxe4 dxe4 25. d5 Qe5 26. Rxe4 Qg3+ 27. Qg2 Qxg2+ 28. Kxg2 Rd8 29.
Rd4 Kf6 $146) 24... Rc8 25. Re2 (25. Nxd5 $2 Bxd5 26. Bxe4 Rxc2 $1 $17) 25...
f5 (25... Qf6 26. Qxf6+ Kxf6 27. Bxe4 dxe4 28. d5 $16) 26. gxf5 Qxf5 (26...
gxf5 27. Bxe4 fxe4 28. Rg2+ $16) 27. Qe3 Nxc3 $6 (27... Re8 $142 28. Nxe4 dxe4
29. c4 $16) 28. bxc3 Rf8 (28... Rc7 29. Rf2 Qh5 30. Qe6 $18) 29. c4 $1 Rc8 30.
Qe7+ Qf7 $8 31. cxd5 $18 Kg8 32. Qe6 (32. d6 Bxg2 33. Kxg2 $18) 32... Rd8 (
32... b5 33. Rf2 $18) 33. c4 b5 $6 34. Qxf7+ Kxf7 35. Rb2 $1 a6 36. a4 Rc8 37.
c5 Rd8 38. axb5 axb5 39. d6 Bxg2 40. Kxg2 Ke6 $8 (40... Rb8 41. c6 $18) 41.
Rxb5 Kd5 42. Rb4 $6 (42. Rb7 Kxd4 43. Rc7 {/\d7,c6,Rc8+-}) 42... g5 43. Kg3 h5
44. h4 g4 45. Kf4 Rg8 46. Rb3 Rd8 47. Rb2 Rg8 48. Rg2 Rg7 49. Kf5 Rg8 50. Kf6
Kc6 51. Ke7 Rg7+ 52. Ke6 Rh7 53. d5+ Kxc5 54. d7 (54. d7 Rh6+ 55. Ke5 Rh8 56.
Rc2+ Kb6 57. Rc8 $18 {[Stohl]}) 1-0

[Event "USA-ch m"]
[Site "Los Angeles"]
[Date "1991.??.??"]
[Round "1.1"]
[White "Browne, Walter Shawn"]
[Black "Gulko, Boris F"]
[Result "0-1"]
[WhiteElo "2525"]
[BlackElo "2565"]
[Annotator "Stohl,I"]
[PlyCount "90"]
[EventDate "1991.07.??"]
[EventType "k.o."]
[EventRounds "4"]
[EventCountry "USA"]
[SourceTitle "CBM 025"]
[Source "ChessBase"]
[SourceDate "1991.12.01"]
[SourceVersion "1"]
[SourceVersionDate "1991.12.01"]
[SourceQuality "1"]

1. d4 d6 2. e4 Nf6 3. Nc3 e5 $5 4. dxe5 (4. Nf3 Nbd7 {-C41}) (4. f3 $5 Be7 (
4... exd4 5. Qxd4 Bd7 6. Be3 Nc6 7. Qd2 g6 8. O-O-O Bg7 9. g4 $1 $16 {Bellin})
5. Be3 O-O 6. Qd2 c6 7. Nge2 b5 (7... exd4 $142 {/\d5}) 8. a3 Nbd7 9. g4 $1 Nb6
10. Ng3 exd4 11. Bxd4 d5 12. O-O-O dxe4 13. Ncxe4 Nxe4 14. Nxe4 Be6 15. Qf4 Qb8
$2 (15... Nd7 $142 $14) 16. Be5 Qb7 17. g5 $1 Rfd8 18. Nf6+ $1 Kh8 19. Bd3 Nd5
20. Qh4 $18 {Chandler,M-Wahls,M,Novi Sad olm 1990}) (4. Nge2 Be7 5. h3 O-O 6.
g4 $5 $13) 4... dxe5 5. Qxd8+ Kxd8 6. Nf3 (6. Bc4 Be6 7. Bxe6 fxe6 8. f3 Nc6 9.
Be3 Bd6 10. O-O-O Ke7 11. Nge2 a6 12. Kb1 b5 13. Nc1 h6 14. N3e2 Nh5 15. Nd3
Rhf8 16. Rc1 Nf4 17. Nexf4 exf4 18. Bd2 a5 $10 {Glek,I-Titov,G,Azov URS-chT
1991-CBM 25}) (6. Bg5 Be6 7. O-O-O+ (7. g3 Kc8 8. Bxf6 gxf6 9. Nd5 Nd7 10. Bh3
c6 11. Ne3 Kc7 12. Bxe6 fxe6 13. Ne2 Bc5 $10 {Rosentalis,E-Gavrikov,V,SWZ-GP
Suhr 1991-CBM 22}) 7... Nbd7 8. f4 exf4 9. Nf3 h6 $1 (9... Kc8 $6 10. Bxf4 Ng4
11. Nb5 $1 Nf2 12. Nxc7 Nxh1 13. Nxa8 Nf2 14. Rd4 Bc5 15. Ra4 Rd8 16. Be2 $16 {
Maljutin,E-Komljakov,A,Azov URS-chT 1991-CBM 25}) 10. Bxf4 Bc5 11. Be2 Ng4 12.
Ne5 Ngxe5 13. Bxe5 f6 14. Bf4 c6 15. Rd3 Kc8 16. Na4 Be7 $10 {Pedzich,
D-Nesterov,J,Miedzybrodzie Zyw. 1991}) 6... Bd6 7. Bc4 (7. Bg5 Be6 8. O-O-O
Nbd7 9. Bb5 Kc8 10. Bxf6 Nxf6 11. Ng5 a6 12. Be2 Bc5 13. Rhf1 c6 14. g3 Rf8 $10
15. f4 $6 exf4 16. Nxe6 fxe6 17. gxf4 Kc7 18. a3 Rae8 $15 {King,D-Wahls,M,
Luzern 1989-CBM 16}) 7... Be6 (7... Ke7 $5 8. Bg5 Be6 9. Nd5+ Bxd5 10. Bxd5 c6
11. Bb3 h6 12. Bxf6+ Kxf6 13. O-O-O Rd8 14. Rd3 Be7 15. Rhd1 Rxd3 16. Rxd3 g6
17. Nd2 Kg7 18. Nc4 Bg5+ 19. Kd1 Na6 $1 20. Nxe5 Nc5 21. Rf3 f6 22. Nd3 Nxe4
23. h4 Bd2 $1 $10 {Gulko,B-Cifuentes Parada,R,Novi Sad olm 1990}) 8. Bxe6 fxe6
9. Be3 {+/= Bellin} (9. b3 $5 $14) 9... Nc6 10. a3 a6 11. Ke2 (11. O-O-O Ke7
$132) 11... Ke7 12. Rhd1 h6 13. h3 (13. Nh4 Kf7 {/\g5,Ng4<=>}) 13... Rhf8 14.
Rd3 (14. Rd2 Rad8 $10) 14... Nh5 15. Nh4 $6 (15. g3 Rf7 $36 {<->f}) (15. Rad1
Nf4+ 16. Bxf4 exf4 $10) 15... Nd4+ $1 16. Kd2 (16. Bxd4 $2 Nf4+ 17. Kf1 Nxd3
18. cxd3 (18. Be3 Nxb2 19. Ng6+ Kd7 20. Nxf8+ Rxf8 $19) 18... exd4 19. Ng6+ Kf6
$19) 16... Rf6 17. g4 (17. Bxd4 exd4 18. Rxd4 Rxf2+ $17) 17... g5 $1 $8 (17...
Nf4 $2 18. Bxf4 Rxf4 19. Ng6+ $18) 18. Nf5+ (18. gxh5 gxh4 $17 {/\Rg8,><f2,h3,
h5}) 18... exf5 19. gxh5 Ke6 $1 20. Bxd4 (20. Nd5 $2 fxe4 $19) (20. Rf1 Nf3+
21. Ke2 Nh4 22. exf5+ Rxf5 $36) 20... exd4 21. Rxd4 (21. exf5+ Rxf5 22. Ne4
Bf4+ 23. Ke2 c5 $17) 21... Be5 22. Rc4 fxe4 $1 23. Nxe4 Rf3 $146 {><f2,h3,h5}
24. Rh1 $8 Raf8 25. b3 (25. a4 $142 $5 $132) 25... b5 26. Rc6+ (26. Rc5 $2 Bd4
27. Rc6+ Kd5 $19) 26... Kd5 27. Rc5+ Kd4 $1 28. c3+ (28. Re1 $142 Rxf2+ $1 29.
Nxf2 Rxf2+ 30. Kd1 Kxc5 (30... Bf4 31. Rc6 Rd2+ 32. Kc1 $10) 31. Rxe5+ Kd4 32.
Re6 Rh2 33. Rxh6 Rxh3 $15) 28... Kxe4 29. Re1+ Kf4 30. Rexe5 Rxf2+ 31. Re2 (31.
Kd3 Kg3 $17) 31... Rd8+ 32. Ke1 Rf3 33. Re6 (33. Rxc7 Rxh3 $17) 33... Rd6 $1
34. Rxd6 cxd6 35. Rc6 Rxh3 36. Rxd6 Rxh5 37. Rxa6 g4 38. a4 (38. Kf2 Rh2+ 39.
Kg1 Kg3 $19) 38... bxa4 39. bxa4 (39. Rxa4+ Kf3 $19) 39... g3 40. Kf1 $8 Rh1+
41. Kg2 Rh2+ 42. Kg1 h5 {/\h4-h3,Rc2} 43. Rf6+ Kg5 44. Rf1 Ra2 45. c4 h4 (45...
h4 46. Rc1 h3 47. c5 h2+ 48. Kh1 Kg4 49. c6 Kh3 $19 {[Stohl]}) 0-1

[Event "San Roque"]
[Site "San Roque"]
[Date "1996.??.??"]
[Round "2"]
[White "De la Villa Garcia, Jesus Maria"]
[Black "Campora, Daniel Hugo"]
[Result "0-1"]
[WhiteElo "2525"]
[BlackElo "2540"]
[Annotator "Stohl,I"]
[PlyCount "72"]
[EventDate "1996.02.??"]
[EventType "tourn"]
[EventRounds "9"]
[EventCountry "ESP"]
[EventCategory "11"]
[SourceTitle "CBM 057"]
[Source "ChessBase"]
[SourceDate "1997.04.01"]
[SourceVersion "1"]
[SourceVersionDate "1997.04.01"]
[SourceQuality "1"]

1. e4 g6 2. d4 Bg7 3. Nf3 d6 4. Bd3 Bg4 $6 {Not a very good idea. With White's
N still on b1 the pressure against d4 is illusory and later Black will be
forced either to concede the ^^, or lose a tempo by retreating his B.} (4...
Nf6 {transposes to normal Pirc positions.}) 5. c3 Nf6 (5... e5 {More ambitious
is} 6. Nbd2 $5 (6. dxe5 dxe5 7. h3 Bd7 $142 $5 (7... Bxf3 8. Qxf3 Nf6 9. O-O
O-O 10. Na3 (10. Bg5 h6 11. Bh4 g5 12. Bg3 Nh5 13. Na3 Nf4 14. Rad1 Nc6 15. Ba6
Qc8 16. Bc4 Na5 17. Bb5 Qe6 18. b4 Nc6 19. Bc4 Qf6 20. Kh1 Rad8 21. Nc2 Ne7 22.
Qe3 Qc6 23. Bb3 $14 {Cladouras,P-Vonthron,H/BL/1990/}) 10... Nbd7 11. Be3 Qe7
12. Bc2 Nc5 13. b4 Ne6 14. Nc4 Nh5 15. g3 b6 16. Rfd1 Rad8 17. a4 h6 18. Bb3
Kh7 19. a5 Rxd1+ 20. Rxd1 Rd8 21. Rxd8 Nxd8 22. Qd1 Ne6 23. Qd3 Bf6 24. Qd5 Ng5
25. Bxg5 hxg5 26. Ne3 Kg7 27. a6 {1-0,De Jong,M-Eppinga,R/Groningen op SC/1996/
})) 6... Nc6 (6... exd4 7. cxd4 Bxd4 $4 8. Qa4+ $18) 7. Qb3 $36) 6. Nbd2 {
White wants to take on f3 more harmoniously with the N.} (6. h3 $143 Bxf3 7.
Qxf3 Nc6 8. O-O O-O 9. Re1 e5 10. d5 Ne7 11. Bg5 Nd7 12. Nd2 f6 13. Be3 f5 14.
Bg5 f4 15. Qg4 Nc5 $13 {Marrow,C-Koenig,D/USA-op Dearborn/1992/}) 6... O-O 7.
h3 Bc8 (7... Bxf3 8. Nxf3 $14) 8. O-O Nc6 9. Re1 (9. d5 $5 Nb8 10. c4 c6 11.
Re1 $14 {[%csl Gc4,Gd5,Ge4] ()[+]}) 9... e5 10. Nf1 (10. Nc4 $6 exd4 11. cxd4
d5 $15 (11... Nxe4 $5 $15)) (10. dxe5 $5) 10... Bd7 {Despite the lost tempi
it's not so easy for White to prove an advantage. This is because the position
remains closed and Black has no clear weakness.} 11. a3 Kh8 (11... Nh5 $142 $5
$132) 12. Ng3 Ng8 13. Bg5 $6 {A superficial move, after which Black solves his
problems.} (13. Bc2 $142 $5 $14 {/\} f5 $6 14. exf5 gxf5 15. Nh5 $40) 13... Qe8
14. dxe5 (14. d5 Nce7 $13 {[%cal Yf7f5,Yg7h6] /\f5,Bh6}) 14... dxe5 $11 15. Qc2
Be6 16. b4 f6 17. Bc1 $6 {Starts a totally misguided plan.} ({Better and
certainly more logical was} 17. Be3 Qf7 18. Rab1 $11) 17... Qf7 18. c4 $2 {
[%csl Rd3,Rd4] A serious positional mistake. This move limits the scope of Bd3
and above all seriously weakens the d4-square.} Rfd8 19. Bb2 (19. c5 $142 $5)
19... a5 $1 $36 {Because of his misplaced pieces White can't protect his Pb4
naturally and is forced to make positional concessions.} 20. b5 (20. bxa5 $143
Nxa5 $17 {[%csl Ra3,Rc4] ׫}) (20. Qc3 $2 axb4 21. axb4 Rxa1 22. Rxa1 Nxb4 $1
$17) 20... Nb8 21. Nf1 $6 {The N is running around in circles, now Black
quickly builds up a strategically won position.} ({The last chance to make a
fight of it was} 21. c5 $5 Nd7 (21... c6 $5 {[%csl Rc5] ><c5}) 22. c6 Bb3 23.
Qc3 bxc6 24. Qxc6 Nb6 $36) 21... Nd7 22. Ne3 (22. c5 $2 Nxc5 $17) 22... Nc5 23.
Bf1 Ne7 24. Rad1 Re8 $1 {A fine move. Black realizes that for the intended >>
attack he will need both R, while White can't achieve anything significant on
the d <->.} ({Also interesting was} 24... Rg8 $5) 25. Nd2 (25. Nd5 $142 $5 Nc8
26. a4 c6 27. Ba3 Bf8 $1 $17) 25... Nc8 26. Be2 Nd6 $19 {Black's position
plays itself, White has no counterplay and his next move doesn't help.} 27. Bg4
$6 f5 28. Bf3 Rad8 29. exf5 (29. Nd5 f4 $19 {[%cal Rc7c6,Rh7h5,Rg6g4] /\c6,g5,
h5->>>}) 29... gxf5 30. Bd5 (30. Nb3 Nxb3 (30... Na4 $5 $19) 31. Qxb3 Nxc4 32.
Bxb7 Nxb2 33. Qxb2 e4 {[%cal Rf5f4] /\f4->}) 30... e4 $1 31. Nb3 Nd3 32. Bxg7+
Qxg7 33. Re2 {Now Black wins by force.} (33. Rf1 f4 $19) 33... a4 34. Nd2 Nf4
35. Ree1 Bxd5 36. cxd5 Nxg2 $1 (36... Nxg2 37. Nxg2 Rg8 38. Kf1 Qxg2+ 39. Ke2
e3 $1 $19 {->}) 0-1